00908 2200301 4500001002100000005001500021035002000036007000300056008004100059020002200100040002200122082001900144084002100163090002200184100003100206245006100237250003400298300003200332650003000364700004000394850001200434264004200446336002100488337003000509338002300539999002200562990002200584INLIS00000000085825620210505111447 a0010-0421000161ta210406s2020 yoio br j ind d a978-623-95192-0-9 aYOPDYOGbinderda04223a899.221301 a899.221301 MAR k aCB-D.11 2020-10950 aMargantorod1958-epenulis10aKarunia kasih /cpenulis, Margantoro, Ch. Endah Heruwati aCetakan pertama, Oktober 2020 a64 halaman :bfoto ;c21 cm 4aCerita pendek--xKumpulan0 aEndah HeruwaticCh.d1957-epenulis aYOPDYOG31aSleman :bMitra Mekar Berkarya,c2020 2rdacontentateks 2rdamediaatanpa perantara 2rdacarrieravolume aCB-D.11/2020-1095 aCB-D.11/2020-1095